[Event "45th FIDE Chess Olympiad Open"]
[Site "Budapest, Hungary"]
[Date "2024.09.19"]
[Round "8"]
[White "Keymer, Vincent"]
[Black "Brkic, Ante"]
[Result "1-0"]
[Board "29"]
[WhiteFideId "12940690"]
[BlackFideId "14506688"]
[WhiteTitle "GM"]
[BlackTitle "GM"]
[WhiteElo "2730"]
[BlackElo "2642"]
[WhiteTeam "Germany"]
[BlackTeam "Croatia"]
[WhiteClock "0:08:59"]
[BlackClock "0:01:17"]
[Variant "Standard"]

1. c4 {[%clk 1:30:58]}  e5 {[%clk 1:30:51]} 2. g3 {[%clk 1:31:24]}  Nf6 {[%clk 1:25:59]} 3. Bg2 {[%clk 1:31:48]}  d5 {[%clk 1:26:11]} 4. cxd5 {[%clk 1:32:12]}  Nxd5 {[%clk 1:26:37]} 5. Nc3 {[%clk 1:32:37]}  Nxc3 {[%clk 1:25:18]} 6. bxc3 {[%clk 1:33:01]}  Bd6 {[%clk 1:25:44]} 7. Rb1 {[%clk 1:26:34]}  Nc6 {[%clk 1:24:30]} 8. Nf3 {[%clk 1:21:23]}  O-O {[%clk 1:23:03]} 9. Qc2 {[%clk 1:14:10]}  Rb8 {[%clk 1:01:30]} 10. h4 {[%clk 1:07:01]}  Qe8 {[%clk 0:44:15]} 11. Ng5 {[%clk 1:01:36]}  f5 {[%clk 0:41:41]} 12. Qb3+ {[%clk 0:31:01]}  Kh8 {[%clk 0:42:07]} 13. Bd5 {[%clk 0:31:28]}  Nd8 {[%clk 0:40:30]} 14. d4 {[%clk 0:28:04]}  exd4 {[%clk 0:28:22]} 15. cxd4 {[%clk 0:27:55]}  c6 {[%clk 0:28:27]} 16. Bg2 {[%clk 0:26:52]}  Ne6 {[%clk 0:28:45]} 17. d5 {[%clk 0:22:50]}  cxd5 {[%clk 0:08:45]} 18. Bxd5 {[%clk 0:22:44]}  Nc5 {[%clk 0:04:30]} 19. Qc4 {[%clk 0:18:43]}  b5 {[%clk 0:04:30]} 20. Qd4 {[%clk 0:19:09]}  Rb6 {[%clk 0:02:11]} 21. Bb2 {[%clk 0:17:06]}  Qe7 {[%clk 0:02:39]} 22. h5 {[%clk 0:12:40]}  h6 {[%clk 0:02:22]} 23. Nf3 {[%clk 0:13:07]}  Re8 {[%clk 0:01:50]} 24. O-O {[%clk 0:12:58]}  Nd7 {[%clk 0:01:17]} 25. Nh4 {[%clk 0:12:04]}  Nf8 {[%clk 0:01:42]} 26. Rbc1 {[%clk 0:10:22]}  Bd7 {[%clk 0:01:23]} 27. Ng6+ {[%clk 0:07:16]}  Nxg6 {[%clk 0:01:52]} 28. hxg6 {[%clk 0:07:40]}  Be5 {[%clk 0:00:42]} 29. Qxe5 {[%clk 0:08:06]}  Qxe5 {[%clk 0:01:11]} 30. Bxe5 {[%clk 0:08:30]}  Rxe5 {[%clk 0:01:38]} 31. Bf7 {[%clk 0:08:55]}  Rb8 {[%clk 0:01:52]} 32. Rc7 {[%clk 0:09:13]}  Be8 {[%clk 0:01:15]} 33. Rfc1 {[%clk 0:09:31]}  Bxf7 {[%clk 0:01:32]} 34. gxf7 {[%clk 0:09:39]}  Rd5 {[%clk 0:02:01]} 35. Rxa7 {[%clk 0:07:52]}  Kh7 {[%clk 0:01:03]} 36. Rc6 {[%clk 0:07:05]}  Re5 {[%clk 0:00:52]} 37. e3 {[%clk 0:07:07]}  Rf8 {[%clk 0:01:00]} 38. Rcc7 {[%clk 0:03:16]}  g5 {[%clk 0:00:50]} 39. Ra5 {[%clk 0:01:28]}  f4 {[%clk 0:00:45]} 40. exf4 {[%clk 0:01:51]}  gxf4 {[%clk 0:01:13]} 41. gxf4 {[%clk 0:24:54]}  Re4 {[%clk 0:06:10]} 42. Rxb5 {[%clk 0:13:15]}  Ra4 {[%clk 0:05:56]} 43. f5 {[%clk 0:13:14]}  Kg7 {[%clk 0:06:12]} 44. Rb6 {[%clk 0:12:54]}  Rxa2 {[%clk 0:01:33]} 45. Rg6+ {[%clk 0:13:19]}  Kh7 {[%clk 0:02:02]} 46. Rcc6 {[%clk 0:11:53]}  Rxf7 {[%clk 0:01:42]} 47. Rxh6+ {[%clk 0:12:22]}  Kg8 {[%clk 0:01:24]} 48. f6 {[%clk 0:12:15]}  Ra5 {[%clk 0:00:33]} 49. Kg2 {[%clk 0:10:59]}  Ra8 {[%clk 0:00:35]} 50. Rc5 {[%clk 0:08:47]}  Rff8 {[%clk 0:00:52]} 51. Kg3 {[%clk 0:08:13]}  Kf7 {[%clk 0:00:33]} 52. Rc7+ {[%clk 0:08:33]}  Ke6 {[%clk 0:01:02]} 53. f7+ {[%clk 0:08:54]}  Kd5 {[%clk 0:01:17]} 54. Kf4 {[%clk 0:08:59]} 1-0

[Event "45th FIDE Chess Olympiad Open"]
[Site "Budapest, Hungary"]
[Date "2024.09.19"]
[Round "8"]
[White "Bluebaum, Matthias"]
[Black "Livaic, Leon"]
[Result "1-0"]
[Board "31"]
[WhiteFideId "24651516"]
[BlackFideId "14531534"]
[WhiteTitle "GM"]
[BlackTitle "GM"]
[WhiteElo "2640"]
[BlackElo "2550"]
[WhiteTeam "Germany"]
[BlackTeam "Croatia"]
[WhiteClock "0:32:31"]
[BlackClock "0:20:47"]
[Variant "Standard"]

1. c4 {[%clk 1:30:57]}  Nf6 {[%clk 1:30:49]} 2. Nc3 {[%clk 1:31:20]}  g6 {[%clk 1:31:14]} 3. e4 {[%clk 1:31:46]}  d6 {[%clk 1:31:38]} 4. d4 {[%clk 1:32:13]}  Bg7 {[%clk 1:32:02]} 5. h3 {[%clk 1:32:39]}  O-O {[%clk 1:31:38]} 6. Be3 {[%clk 1:33:01]}  e5 {[%clk 1:29:41]} 7. d5 {[%clk 1:33:19]}  Na6 {[%clk 1:30:01]} 8. Be2 {[%clk 1:33:06]}  Nc5 {[%clk 1:28:41]} 9. Qc2 {[%clk 1:33:21]}  a5 {[%clk 1:19:14]} 10. Nf3 {[%clk 1:33:32]}  Qe7 {[%clk 1:14:31]} 11. g4 {[%clk 1:27:20]}  c6 {[%clk 1:12:55]} 12. Nd2 {[%clk 1:24:22]}  Bd7 {[%clk 1:11:29]} 13. g5 {[%clk 1:21:07]}  Ne8 {[%clk 1:07:13]} 14. h4 {[%clk 1:20:35]}  Nc7 {[%clk 1:06:14]} 15. f3 {[%clk 1:09:04]}  a4 {[%clk 0:59:36]} 16. h5 {[%clk 0:59:40]}  Rfc8 {[%clk 0:55:54]} 17. Kf2 {[%clk 0:56:16]}  cxd5 {[%clk 0:51:34]} 18. exd5 {[%clk 0:55:09]}  N7a6 {[%clk 0:46:29]} 19. Nde4 {[%clk 0:52:29]}  Bf5 {[%clk 0:40:11]} 20. Qd2 {[%clk 0:51:04]}  Nxe4+ {[%clk 0:36:56]} 21. fxe4 {[%clk 0:48:17]}  Bd7 {[%clk 0:37:20]} 22. Rag1 {[%clk 0:43:30]}  Nc5 {[%clk 0:36:58]} 23. Rh2 {[%clk 0:42:22]}  Qd8 {[%clk 0:36:49]} 24. hxg6 {[%clk 0:40:57]}  hxg6 {[%clk 0:27:38]} 25. Rgh1 {[%clk 0:41:10]}  Qa5 {[%clk 0:27:58]} 26. Kg2 {[%clk 0:39:28]}  a3 {[%clk 0:25:29]} 27. b3 {[%clk 0:39:36]}  b5 {[%clk 0:23:00]} 28. Qe1 {[%clk 0:35:49]}  Be8 {[%clk 0:20:21]} 29. Rh7 {[%clk 0:33:20]}  bxc4 {[%clk 0:20:47]} 30. Qh4 {[%clk 0:32:31]} 1-0

[Event "45th FIDE Chess Olympiad Open"]
[Site "Budapest, Hungary"]
[Date "2024.09.19"]
[Round "8"]
[White "Stevic, Hrvoje"]
[Black "Svane, Frederik"]
[Result "0-1"]
[Board "32"]
[WhiteFideId "14502569"]
[BlackFideId "12923044"]
[WhiteTitle "GM"]
[BlackTitle "GM"]
[WhiteElo "2531"]
[BlackElo "2640"]
[WhiteTeam "Croatia"]
[BlackTeam "Germany"]
[WhiteClock "0:04:30"]
[BlackClock "0:18:50"]
[Variant "Standard"]

1. e4 {[%clk 1:30:57]}  c5 {[%clk 1:30:49]} 2. c3 {[%clk 1:30:59]}  Nf6 {[%clk 1:31:12]} 3. e5 {[%clk 1:31:19]}  Nd5 {[%clk 1:31:37]} 4. Nf3 {[%clk 1:31:22]}  d6 {[%clk 1:31:58]} 5. Bb5+ {[%clk 1:30:36]}  Bd7 {[%clk 1:32:12]} 6. Bc4 {[%clk 1:30:43]}  e6 {[%clk 1:32:24]} 7. d4 {[%clk 1:30:53]}  dxe5 {[%clk 1:31:56]} 8. Nxe5 {[%clk 1:29:21]}  Nc6 {[%clk 1:32:19]} 9. Nxd7 {[%clk 1:28:53]}  Qxd7 {[%clk 1:32:44]} 10. dxc5 {[%clk 1:29:14]}  Bxc5 {[%clk 1:33:08]} 11. O-O {[%clk 1:28:40]}  O-O-O {[%clk 1:32:57]} 12. Nd2 {[%clk 1:08:09]}  Qc7 {[%clk 1:19:06]} 13. Qc2 {[%clk 0:48:06]}  Ne5 {[%clk 1:14:47]} 14. Be2 {[%clk 0:45:42]}  h5 {[%clk 1:02:57]} 15. Ne4 {[%clk 0:20:39]}  Bb6 {[%clk 0:54:55]} 16. c4 {[%clk 0:18:17]}  f5 {[%clk 0:21:52]} 17. Ng5 {[%clk 0:18:19]}  Ng4 {[%clk 0:22:17]} 18. g3 {[%clk 0:08:47]}  Nde3 {[%clk 0:22:18]} 19. fxe3 {[%clk 0:07:46]}  Nxe3 {[%clk 0:22:43]} 20. Bxe3 {[%clk 0:04:04]}  Bxe3+ {[%clk 0:23:08]} 21. Kh1 {[%clk 0:04:21]}  Bxg5 {[%clk 0:20:39]} 22. Rad1 {[%clk 0:04:46]}  Rxd1 {[%clk 0:20:37]} 23. Qxd1 {[%clk 0:03:37]}  h4 {[%clk 0:20:28]} 24. g4 {[%clk 0:04:04]}  Rd8 {[%clk 0:20:37]} 25. Qa4 {[%clk 0:04:30]}  Qe5 {[%clk 0:18:50]} 0-1

[Event "45th FIDE Chess Olympiad Open"]
[Site "Budapest, Hungary"]
[Date "2024.09.19"]
[Round "8"]
[White "Howell, David W L"]
[Black "Stremavicius, Titas"]
[Result "1/2-1/2"]
[Board "33"]
[WhiteFideId "410608"]
[BlackFideId "12804444"]
[WhiteTitle "GM"]
[BlackTitle "GM"]
[WhiteElo "2677"]
[BlackElo "2527"]
[WhiteTeam "England"]
[BlackTeam "Lithuania"]
[WhiteClock "0:01:30"]
[BlackClock "0:08:04"]
[Variant "Standard"]

1. e4 {[%clk 1:30:42]}  c5 {[%clk 1:30:51]} 2. Nf3 {[%clk 1:30:34]}  Nc6 {[%clk 1:31:10]} 3. d4 {[%clk 1:29:33]}  cxd4 {[%clk 1:31:32]} 4. Nxd4 {[%clk 1:29:56]}  Nf6 {[%clk 1:31:54]} 5. Nc3 {[%clk 1:30:19]}  e6 {[%clk 1:31:39]} 6. Ndb5 {[%clk 1:29:20]}  Bc5 {[%clk 1:31:38]} 7. Nd6+ {[%clk 1:29:05]}  Ke7 {[%clk 1:31:53]} 8. Bf4 {[%clk 1:29:25]}  e5 {[%clk 1:32:17]} 9. Nf5+ {[%clk 1:29:11]}  Kf8 {[%clk 1:32:43]} 10. Bg5 {[%clk 1:29:29]}  d6 {[%clk 1:21:24]} 11. Bc4 {[%clk 1:28:29]}  h6 {[%clk 1:21:34]} 12. Bxf6 {[%clk 1:26:00]}  Qxf6 {[%clk 1:21:59]} 13. Nd5 {[%clk 1:24:53]}  Qd8 {[%clk 1:12:30]} 14. Qd3 {[%clk 1:24:17]}  g6 {[%clk 1:09:09]} 15. Nfe3 {[%clk 1:24:03]}  Kg7 {[%clk 1:09:29]} 16. a3 {[%clk 1:16:28]}  a5 {[%clk 1:09:09]} 17. O-O-O {[%clk 1:13:27]}  Rb8 {[%clk 0:59:17]} 18. g3 {[%clk 1:07:09]}  Nd4 {[%clk 0:50:17]} 19. c3 {[%clk 1:03:23]}  b5 {[%clk 0:47:55]} 20. Ba2 {[%clk 1:03:34]}  Nc6 {[%clk 0:39:56]} 21. b4 {[%clk 0:59:06]}  Ba7 {[%clk 0:40:22]} 22. h4 {[%clk 0:53:21]}  h5 {[%clk 0:40:11]} 23. Kb2 {[%clk 0:53:21]}  Rf8 {[%clk 0:37:43]} 24. f4 {[%clk 0:45:52]}  exf4 {[%clk 0:36:59]} 25. gxf4 {[%clk 0:45:56]}  Ne7 {[%clk 0:37:17]} 26. Nxe7 {[%clk 0:33:53]}  Qxe7 {[%clk 0:37:44]} 27. Nd5 {[%clk 0:34:17]}  Qe8 {[%clk 0:22:02]} 28. Nc7 {[%clk 0:15:49]}  Qc6 {[%clk 0:21:20]} 29. Qxd6 {[%clk 0:16:13]}  Qxd6 {[%clk 0:21:39]} 30. Rxd6 {[%clk 0:16:38]}  Rb7 {[%clk 0:19:43]} 31. Nd5 {[%clk 0:11:33]}  Bb8 {[%clk 0:17:36]} 32. Rc6 {[%clk 0:09:25]}  Bd7 {[%clk 0:17:11]} 33. Ra6 {[%clk 0:09:34]}  axb4 {[%clk 0:17:33]} 34. axb4 {[%clk 0:09:39]}  Bg4 {[%clk 0:14:08]} 35. Rh2 {[%clk 0:02:29]}  Rd8 {[%clk 0:12:09]} 36. e5 {[%clk 0:01:08]}  Ba7 {[%clk 0:09:01]} 37. Rd6 {[%clk 0:00:38]}  Rxd6 {[%clk 0:04:55]} 38. exd6 {[%clk 0:01:07]}  Bb8 {[%clk 0:05:02]} 39. Nc7 {[%clk 0:01:00]}  Bxc7 {[%clk 0:05:24]} 40. Bd5 {[%clk 0:00:31]}  Ra7 {[%clk 0:05:05]} 41. dxc7 {[%clk 0:30:27]}  Rxc7 {[%clk 0:35:32]} 42. c4 {[%clk 0:27:20]}  bxc4 {[%clk 0:25:25]} 43. Kc3 {[%clk 0:26:34]}  Bd7 {[%clk 0:25:32]} 44. Ra2 {[%clk 0:21:44]}  Kf6 {[%clk 0:23:04]} 45. Ra5 {[%clk 0:17:43]}  Ke7 {[%clk 0:16:12]} 46. Bxc4 {[%clk 0:07:25]}  Be6 {[%clk 0:16:30]} 47. Rc5 {[%clk 0:07:50]}  Ra7 {[%clk 0:16:36]} 48. Ra5 {[%clk 0:07:44]}  Rc7 {[%clk 0:17:03]} 49. Rc5 {[%clk 0:08:10]}  Ra7 {[%clk 0:17:27]} 50. b5 {[%clk 0:06:38]}  Bxc4 {[%clk 0:09:47]} 51. Rxc4 {[%clk 0:06:29]}  Ke6 {[%clk 0:09:06]} 52. Rc5 {[%clk 0:05:04]}  Ra1 {[%clk 0:07:47]} 53. Kb4 {[%clk 0:03:45]}  Kd6 {[%clk 0:03:22]} 54. Rc6+ {[%clk 0:01:08]}  Kd5 {[%clk 0:03:50]} 55. Rf6 {[%clk 0:01:29]}  Rh1 {[%clk 0:00:41]} 56. b6 {[%clk 0:00:35]}  Rxh4 {[%clk 0:01:09]} 57. b7 {[%clk 0:00:39]}  Rh2 {[%clk 0:00:50]} 58. Kb3 {[%clk 0:00:33]}  Rh3+ {[%clk 0:01:17]} 59. Kb4 {[%clk 0:00:59]}  Rh2 {[%clk 0:01:42]} 60. Kc3 {[%clk 0:00:33]}  Rh3+ {[%clk 0:02:01]} 61. Kc2 {[%clk 0:00:51]}  Rh2+ {[%clk 0:02:26]} 62. Kb1 {[%clk 0:00:33]}  Rh1+ {[%clk 0:02:54]} 63. Ka2 {[%clk 0:00:58]}  Rh2+ {[%clk 0:03:20]} 64. Ka3 {[%clk 0:01:22]}  Rh3+ {[%clk 0:03:45]} 65. Ka2 {[%clk 0:00:38]}  Rh2+ {[%clk 0:04:13]} 66. Ka1 {[%clk 0:00:53]}  Rh1+ {[%clk 0:04:40]} 67. Kb2 {[%clk 0:01:20]}  Rh2+ {[%clk 0:04:58]} 68. Ka3 {[%clk 0:00:40]}  Rh3+ {[%clk 0:05:24]} 69. Ka4 {[%clk 0:00:36]}  Rh1 {[%clk 0:05:49]} 70. Rd6+ {[%clk 0:00:34]}  Kc5 {[%clk 0:06:05]} 71. Rd3 {[%clk 0:00:44]}  Ra1+ {[%clk 0:06:18]} 72. Ra3 {[%clk 0:01:09]}  Rb1 {[%clk 0:06:45]} 73. Rb3 {[%clk 0:01:05]}  Ra1+ {[%clk 0:07:13]} 74. Ra3 {[%clk 0:01:30]}  Rb1 {[%clk 0:07:40]} 75. Rb3 {[%clk 0:01:04]}  Ra1+ {[%clk 0:08:04]} 76. Ra3 {[%clk 0:01:30]} 1/2-1/2

[Event "45th FIDE Chess Olympiad Open"]
[Site "Budapest, Hungary"]
[Date "2024.09.19"]
[Round "8"]
[White "Pidluznij, Gleb"]
[Black "Jones, Gawain C B"]
[Result "1/2-1/2"]
[Board "36"]
[WhiteFideId "12817082"]
[BlackFideId "409561"]
[WhiteTitle "FM"]
[BlackTitle "GM"]
[WhiteElo "2425"]
[BlackElo "2646"]
[WhiteTeam "Lithuania"]
[BlackTeam "England"]
[WhiteClock "0:15:21"]
[BlackClock "0:45:17"]
[Variant "Standard"]

1. e4 {[%clk 1:30:56]}  c5 {[%clk 1:30:44]} 2. Nf3 {[%clk 1:31:18]}  Nc6 {[%clk 1:31:09]} 3. Bb5 {[%clk 1:31:39]}  e6 {[%clk 1:31:32]} 4. O-O {[%clk 1:31:40]}  Nge7 {[%clk 1:31:56]} 5. d4 {[%clk 1:31:57]}  cxd4 {[%clk 1:32:19]} 6. Nxd4 {[%clk 1:32:21]}  Ng6 {[%clk 1:32:34]} 7. Be3 {[%clk 1:32:22]}  Be7 {[%clk 1:32:57]} 8. Be2 {[%clk 1:32:05]}  O-O {[%clk 1:33:19]} 9. c4 {[%clk 1:31:28]}  Nxd4 {[%clk 1:33:35]} 10. Qxd4 {[%clk 1:30:05]}  Bf6 {[%clk 1:33:06]} 11. Qd2 {[%clk 1:30:20]}  b6 {[%clk 1:33:29]} 12. Nc3 {[%clk 1:19:10]}  Bb7 {[%clk 1:32:42]} 13. Rad1 {[%clk 1:15:10]}  Bxc3 {[%clk 1:31:47]} 14. bxc3 {[%clk 1:06:15]}  Bxe4 {[%clk 1:31:04]} 15. Qxd7 {[%clk 1:06:27]}  Qc8 {[%clk 1:29:28]} 16. Qxc8 {[%clk 0:52:20]}  Rfxc8 {[%clk 1:25:29]} 17. Rd6 {[%clk 0:44:09]}  Bb7 {[%clk 1:20:37]} 18. c5 {[%clk 0:31:51]}  bxc5 {[%clk 1:17:23]} 19. Rb1 {[%clk 0:24:25]}  Be4 {[%clk 1:17:10]} 20. Rb5 {[%clk 0:24:26]}  Nh4 {[%clk 1:14:21]} 21. Rxc5 {[%clk 0:21:58]}  Rcb8 {[%clk 1:00:52]} 22. f3 {[%clk 0:19:30]}  Bd5 {[%clk 1:00:29]} 23. Bf2 {[%clk 0:09:57]}  Nf5 {[%clk 0:55:12]} 24. Rd7 {[%clk 0:06:23]}  Bxa2 {[%clk 0:47:24]} 25. g4 {[%clk 0:05:50]}  Nh6 {[%clk 0:47:34]} 26. Ra5 {[%clk 0:03:09]}  Rb2 {[%clk 0:42:57]} 27. Rdxa7 {[%clk 0:03:29]}  Rxa7 {[%clk 0:43:21]} 28. Rxa7 {[%clk 0:03:50]}  f5 {[%clk 0:42:12]} 29. Kf1 {[%clk 0:02:14]}  fxg4 {[%clk 0:39:44]} 30. fxg4 {[%clk 0:02:26]}  Rb1+ {[%clk 0:39:56]} 31. Kg2 {[%clk 0:02:04]}  Bd5+ {[%clk 0:39:32]} 32. Kg3 {[%clk 0:02:12]}  Rb2 {[%clk 0:39:53]} 33. Bf3 {[%clk 0:00:49]}  Bxf3 {[%clk 0:40:10]} 34. Kxf3 {[%clk 0:01:10]}  Nxg4 {[%clk 0:40:34]} 35. Kxg4 {[%clk 0:01:11]}  Rxf2 {[%clk 0:40:58]} 36. h4 {[%clk 0:01:30]}  Rf5 {[%clk 0:35:43]} 37. h5 {[%clk 0:00:42]}  h6 {[%clk 0:35:21]} 38. Re7 {[%clk 0:00:45]}  Rg5+ {[%clk 0:35:18]} 39. Kh4 {[%clk 0:01:07]}  Re5 {[%clk 0:35:38]} 40. c4 {[%clk 0:00:45]}  Kf8 {[%clk 0:34:48]} 41. Rc7 {[%clk 0:01:08]}  Re4+ {[%clk 0:34:25]} 42. Kg3 {[%clk 0:00:54]}  Re5 {[%clk 0:30:48]} 43. Kh4 {[%clk 0:28:05]}  Re1 {[%clk 0:50:38]} 44. c5 {[%clk 0:21:30]}  Ke8 {[%clk 0:50:58]} 45. c6 {[%clk 0:16:19]}  Rd1 {[%clk 0:48:43]} 46. Kh3 {[%clk 0:14:00]}  Rh1+ {[%clk 0:45:30]} 47. Kg4 {[%clk 0:14:10]}  Kd8 {[%clk 0:44:28]} 48. Rd7+ {[%clk 0:13:10]}  Kc8 {[%clk 0:44:54]} 49. Re7 {[%clk 0:12:51]}  Rg1+ {[%clk 0:44:16]} 50. Kf4 {[%clk 0:11:51]}  Rg5 {[%clk 0:43:18]} 51. Rxe6 {[%clk 0:12:10]}  Kc7 {[%clk 0:43:30]} 52. Re5 {[%clk 0:12:32]}  Rg1 {[%clk 0:43:31]} 53. Re6 {[%clk 0:12:41]}  Rh1 {[%clk 0:43:04]} 54. Re7+ {[%clk 0:13:00]}  Kxc6 {[%clk 0:43:29]} 55. Rxg7 {[%clk 0:13:24]}  Rxh5 {[%clk 0:43:30]} 56. Kg4 {[%clk 0:13:48]}  Rh1 {[%clk 0:43:55]} 57. Ra7 {[%clk 0:14:09]}  Rg1+ {[%clk 0:44:00]} 58. Kh5 {[%clk 0:14:32]}  Rg5+ {[%clk 0:44:23]} 59. Kxh6 {[%clk 0:14:57]}  Kb6 {[%clk 0:44:50]} 60. Kxg5 {[%clk 0:15:21]}  Kxa7 {[%clk 0:45:17]} 1/2-1/2

[Event "45th FIDE Chess Olympiad Open"]
[Site "Budapest, Hungary"]
[Date "2024.09.19"]
[Round "8"]
[White "Vocaturo, Daniele"]
[Black "Suleymanli, Aydin"]
[Result "1/2-1/2"]
[Board "37"]
[WhiteFideId "813192"]
[BlackFideId "13413937"]
[WhiteTitle "GM"]
[BlackTitle "GM"]
[WhiteElo "2600"]
[BlackElo "2632"]
[WhiteTeam "Italy"]
[BlackTeam "Azerbaijan"]
[WhiteClock "0:02:28"]
[BlackClock "0:04:23"]
[Variant "Standard"]

1. e4 {[%clk 1:30:52]}  e5 {[%clk 1:30:54]} 2. Nf3 {[%clk 1:31:00]}  Nc6 {[%clk 1:31:08]} 3. Bb5 {[%clk 1:30:52]}  a6 {[%clk 1:31:26]} 4. Ba4 {[%clk 1:31:13]}  Nf6 {[%clk 1:31:50]} 5. O-O {[%clk 1:31:13]}  Be7 {[%clk 1:31:54]} 6. Re1 {[%clk 1:31:01]}  b5 {[%clk 1:32:11]} 7. Bb3 {[%clk 1:31:25]}  O-O {[%clk 1:32:30]} 8. h3 {[%clk 1:30:25]}  Bb7 {[%clk 1:32:24]} 9. d3 {[%clk 1:29:27]}  d5 {[%clk 1:32:06]} 10. exd5 {[%clk 1:29:13]}  Nxd5 {[%clk 1:32:29]} 11. a4 {[%clk 1:28:39]}  Ndb4 {[%clk 1:30:44]} 12. Nxe5 {[%clk 1:19:00]}  Nd4 {[%clk 1:23:19]} 13. Nd2 {[%clk 1:17:14]}  Nxb3 {[%clk 1:23:05]} 14. Nxb3 {[%clk 1:17:38]}  Qd5 {[%clk 1:23:30]} 15. Nf3 {[%clk 1:17:40]}  Qd7 {[%clk 1:23:54]} 16. Re3 {[%clk 1:17:05]}  Nd5 {[%clk 0:53:48]} 17. Re5 {[%clk 1:15:34]}  f6 {[%clk 0:52:43]} 18. Re1 {[%clk 1:12:11]}  Nb4 {[%clk 0:50:17]} 19. Nfd4 {[%clk 0:52:50]}  bxa4 {[%clk 0:27:25]} 20. Na5 {[%clk 0:50:33]}  Bd5 {[%clk 0:15:39]} 21. c3 {[%clk 0:46:02]}  Bc5 {[%clk 0:13:33]} 22. Be3 {[%clk 0:44:27]}  Bf7 {[%clk 0:13:07]} 23. cxb4 {[%clk 0:36:43]}  Bxd4 {[%clk 0:13:28]} 24. Bxd4 {[%clk 0:25:48]}  Qxd4 {[%clk 0:13:56]} 25. Nc6 {[%clk 0:17:26]}  Qxb2 {[%clk 0:13:22]} 26. Qxa4 {[%clk 0:17:47]}  Rfe8 {[%clk 0:13:13]} 27. Reb1 {[%clk 0:14:11]}  Qc3 {[%clk 0:12:32]} 28. b5 {[%clk 0:13:07]}  a5 {[%clk 0:12:32]} 29. Qa3 {[%clk 0:12:28]}  Qd2 {[%clk 0:11:39]} 30. Qc5 {[%clk 0:10:46]}  Kh8 {[%clk 0:09:16]} 31. Rd1 {[%clk 0:10:20]}  Qe2 {[%clk 0:07:50]} 32. d4 {[%clk 0:09:09]}  a4 {[%clk 0:06:57]} 33. d5 {[%clk 0:09:02]}  a3 {[%clk 0:06:28]} 34. b6 {[%clk 0:06:45]}  cxb6 {[%clk 0:06:06]} 35. Qxb6 {[%clk 0:07:11]}  Qb2 {[%clk 0:05:20]} 36. Qxb2 {[%clk 0:02:39]}  axb2 {[%clk 0:05:46]} 37. Rab1 {[%clk 0:03:04]}  Bxd5 {[%clk 0:04:20]} 38. Rxd5 {[%clk 0:02:16]}  Rec8 {[%clk 0:04:23]} 39. Rxb2 {[%clk 0:02:28]} 1/2-1/2

[Event "45th FIDE Chess Olympiad Open"]
[Site "Budapest, Hungary"]
[Date "2024.09.19"]
[Round "8"]
[White "Sonis, Francesco"]
[Black "Mamedov, Rauf"]
[Result "1/2-1/2"]
[Board "39"]
[WhiteFideId "895733"]
[BlackFideId "13401653"]
[WhiteTitle "GM"]
[BlackTitle "GM"]
[WhiteElo "2554"]
[BlackElo "2637"]
[WhiteTeam "Italy"]
[BlackTeam "Azerbaijan"]
[WhiteClock "0:14:33"]
[BlackClock "0:18:50"]
[Variant "Standard"]

1. d4 {[%clk 1:30:58]}  d5 {[%clk 1:30:48]} 2. c4 {[%clk 1:31:18]}  dxc4 {[%clk 1:31:15]} 3. e3 {[%clk 1:31:03]}  Nf6 {[%clk 1:31:04]} 4. Bxc4 {[%clk 1:31:28]}  e6 {[%clk 1:31:31]} 5. Nf3 {[%clk 1:31:41]}  c5 {[%clk 1:31:55]} 6. O-O {[%clk 1:31:24]}  a6 {[%clk 1:32:23]} 7. Bd3 {[%clk 1:26:44]}  Nc6 {[%clk 1:27:46]} 8. Nc3 {[%clk 1:24:48]}  Be7 {[%clk 1:26:20]} 9. Ne4 {[%clk 1:16:54]}  cxd4 {[%clk 1:16:13]} 10. exd4 {[%clk 1:16:32]}  O-O {[%clk 1:16:14]} 11. Be3 {[%clk 1:08:10]}  Nd5 {[%clk 0:59:47]} 12. Bc1 {[%clk 0:58:55]}  b6 {[%clk 0:51:57]} 13. a3 {[%clk 0:59:16]}  Bb7 {[%clk 0:48:12]} 14. Bc2 {[%clk 0:56:18]}  Rc8 {[%clk 0:42:52]} 15. Qd3 {[%clk 0:46:09]}  g6 {[%clk 0:37:43]} 16. Bd2 {[%clk 0:46:06]}  Nf6 {[%clk 0:33:34]} 17. Nc3 {[%clk 0:44:27]}  Re8 {[%clk 0:29:17]} 18. Rad1 {[%clk 0:44:29]}  b5 {[%clk 0:27:22]} 19. Bg5 {[%clk 0:36:42]}  Na5 {[%clk 0:25:11]} 20. Ne5 {[%clk 0:35:28]}  Nd7 {[%clk 0:23:59]} 21. Bxe7 {[%clk 0:32:14]}  Qxe7 {[%clk 0:23:44]} 22. Qe2 {[%clk 0:27:38]}  Nf6 {[%clk 0:17:47]} 23. Nd3 {[%clk 0:20:20]}  Nc6 {[%clk 0:14:40]} 24. Qe3 {[%clk 0:19:20]}  Ba8 {[%clk 0:12:44]} 25. Bb3 {[%clk 0:17:56]}  Na5 {[%clk 0:09:58]} 26. Ba2 {[%clk 0:17:36]}  Nc4 {[%clk 0:10:14]} 27. Bxc4 {[%clk 0:14:02]}  bxc4 {[%clk 0:10:30]} 28. Ne5 {[%clk 0:13:24]}  Qb7 {[%clk 0:10:20]} 29. f3 {[%clk 0:11:09]}  Qe7 {[%clk 0:07:59]} 30. Ne4 {[%clk 0:09:51]}  Nd5 {[%clk 0:07:41]} 31. Qc1 {[%clk 0:10:20]}  Red8 {[%clk 0:04:02]} 32. Nc5 {[%clk 0:08:43]}  Nb6 {[%clk 0:03:33]} 33. Nxc4 {[%clk 0:07:26]}  Nxc4 {[%clk 0:03:11]} 34. Qxc4 {[%clk 0:07:52]}  a5 {[%clk 0:03:38]} 35. Rfe1 {[%clk 0:07:03]}  Rd5 {[%clk 0:02:25]} 36. b4 {[%clk 0:05:03]}  axb4 {[%clk 0:02:50]} 37. axb4 {[%clk 0:05:30]}  Qh4 {[%clk 0:02:43]} 38. Re4 {[%clk 0:05:23]}  Qd8 {[%clk 0:02:46]} 39. Qc3 {[%clk 0:04:40]}  Rb8 {[%clk 0:01:50]} 40. Na6 {[%clk 0:04:13]}  Rb6 {[%clk 0:01:41]} 41. Nc5 {[%clk 0:01:43]}  Rh5 {[%clk 0:28:56]} 42. Re2 {[%clk 0:26:42]}  Rd5 {[%clk 0:17:42]} 43. Rdd2 {[%clk 0:24:03]}  Rbd6 {[%clk 0:17:36]} 44. Ne4 {[%clk 0:24:15]}  Rc6 {[%clk 0:17:56]} 45. Nc5 {[%clk 0:24:02]}  Rcd6 {[%clk 0:18:25]} 46. Ne4 {[%clk 0:23:02]}  Rc6 {[%clk 0:18:50]} 47. Nc5 {[%clk 0:14:33]} 1/2-1/2